| 000 | 00800nam a2200265 i 4500 | ||
|---|---|---|---|
| 001 | bg | ||
| 100 | 1 | _aPIETRZYKOWSKI, Krzysztof | |
| 245 | 1 | 0 |
_aSpółdzielnie mieszkaniowe : _bkomentarz / _cKrzysztof Pietrzykowski. |
| 250 | _aStan prawny na dzień 15.06.2001 r. | ||
| 260 |
_aWarszawa : _bC.H.Beck, _c2001. |
||
| 300 |
_a231 s. ; _c20 cm. |
||
| 490 | 1 | _aKrótkie Komentarze Becka | |
| 504 | _aIndeks. | ||
| 650 | 9 |
_aSpółdzielczość mieszkaniowa _xprawo _zPolska _ystan na 2001 r. |
|
| 655 | _aPoradniki | ||
| 830 | _aKrótkie Komentarze Becka | ||
| 020 | _a8372471088 | ||
| 040 | _cBPK | ||
| 041 | 0 | _apl | |
| 080 | _a347.726:334.736](438) | ||
| 920 | _a83-7247-108-8 | ||
| 942 | _cKS | ||
| 008 | s pl f |000 0 pol | ||
| 999 |
_c40336 _d40336 |
||
| 856 |
_uhttp://koha.tu.koszalin.pl/cgi-bin/koha/opac-detail.pl?biblionumber=40336 _yKatalog online BPK |
||